000 00629nam a22001697a 4500
082 _a200
100 _6Tio2
_aShahzad, Naeem
245 _aAn Investigation into the Potential of Pure and Doped Tio2 Nanoparticles for the Abatement of Air Pollution /
_cNaeem Shahzad.
260 _aIslamabad:
_b IESE (SCEE) NUST,
_c2012.
300 _a231 p.: ill.;
_c35cm.
650 _aPhD- Environmental Engineering
_9123218
700 _6Supervisor:Dr. M. Anwar Baig
856 _uhttp://10.250.8.41:8080/xmlui/handle/123456789/26441
942 _2ddc
_cSC
999 _c528023
_d528023